| 000 | 00342nam a22001457a 4500 | ||
|---|---|---|---|
| 020 | _a81-7884-110-X | ||
| 082 |
_a540 _bCYB/D |
||
| 100 | _aCYBER TECH | ||
| 245 | _aDICTIONARY OF CHEMISTRY | ||
| 250 | _aFIRST EDITION | ||
| 260 |
_aDELHI _bCYBER TECH PUBLICATIONS _c2005 |
||
| 300 | _a248 | ||
| 650 |
_aCHEMISTRY REFERENCE _zINDIA |
||
| 942 | _cBK | ||
| 999 |
_c1523 _d1523 |
||